| 000 | 00885nam a2200277 a 4500 | ||
|---|---|---|---|
| 001 | 62032 | ||
| 003 | BD-RjUL | ||
| 005 | 20211209081033.0 | ||
| 008 | 170122s1967 xx 000 0 eng c | ||
| 035 | _a(BD-RjUL)62157 | ||
| 040 |
_aHRM _cHRM _dBD-RjUL _beng |
||
| 041 | _aeng | ||
| 082 |
_223 _a336.2 _bYAT 1967 |
||
| 100 | 0 |
_aYaḥyá ibn Ādam, _d-818. _9184553 |
|
| 245 | 0 | 0 |
_aTaxation in Islam Yaḥyā Ben Ādam's Kitāb al-kharāj / _cedited, translated and provided with an intro. and notes by A. Ben Shemesh. With a forward by S. D. Goifein. |
| 250 | _a2nd.rev.ed. | ||
| 260 |
_aLeiden : _bE. J. Brill, _c1967. |
||
| 300 |
_aV. ; _c25 cm. |
||
| 504 | _aIncludes bibliography | ||
| 505 | _aV. 1 -- | ||
| 650 | 0 |
_aTaxation. _9184554 |
|
| 650 | 0 |
_aLand tenure. _9184555 |
|
| 700 | 1 |
_aBen Shemesh, A. _q(Aharon), _d1899- _9184556 |
|
| 942 |
_2ddc _cBK |
||
| 999 |
_c62032 _d62032 |
||